00381nam a22001337a 450000500170000000800410001704100230005808200130008110000220009424500400011626000370015630000290019365000250022220240823094557.0240823b |||||||| |||| 00| 0 eng d aEnglish/Afrikaans  a349 LAW  lEnglish/Afrikaans aThe Laws of South West Africa 1978  aWindhoek: bBy Authority, c1978 bxlv, 47 pages; c25 cm.  aLegal practice bLaw